On This Day: October 1st II Quiz Stats

 Plays Quiz Updated Oct 1, 2018

Score 0/7 Timer 03:00
0 Plays Today
Question Answer Wrong Answers
This iconic English actress and singer, known for films like ‘Mary Poppins’ and ‘The Sound of Music’, is born.
1935
Julie Andrews
96.7%
Audrey Hepburn
1.8%
Carol Burnett
1%
Glynis Johns
0.4%
The Supreme Court of the United Kingdom takes over the judicial functions of the House of ______.
2009
Lords
92.2%
Barons
3%
Princes
0.7%
Dukes
3.3%
The George Washington Bridge, which links New York and ______, opens to the public.
1931
New Jersey
91.4%
Connecticut
3.3%
Rhode Island
3.8%
Massachusetts
1.5%
‘The Tonight Show Starring ______’ airs for the first time.
1962
Johnny Carson
90%
Jay Leno
5.9%
Don Rickles
1.1%
Ed McMahon
2.8%
This theme park at the Walt Disney World Resort in Florida, which is dedicated to the celebration of human achievement, opens to the public.
1982
Epcot
85.7%
Florida Adventure
1.4%
Discovery Island
9%
Disney's Hollywood Studios
3.3%
An independence referendum, which is declared illegal by the Constitutional Court of Spain, takes place in this autonomous community.
2017
Catalonia
83.5%
Andalusia
7.9%
Galicia
2.7%
Castile and León
5.3%
Formerly known as the Ellice Islands, this Polynesian island nation gains independence from the United Kingdom.
1978
Tuvalu
36%
Samoa
34.2%
Seychelles
25%
Comoros
4.4%

You're not logged in!

Compare scores with friends on all Sporcle quizzes.
OR
Log In

Sporcle TV

Today on Sporcle TV


Watch our educational content, quiz creation guides, and fun videos on Sporcle TV.

Show Comments

Extras

Top Quizzes Today


Score Distribution

Your Account Isn't Verified!

In order to create a playlist on Sporcle, you need to verify the email address you used during registration. Go to your Sporcle Settings to finish the process.

Report this User

Report this user for behavior that violates our Community Guidelines.

Details: